000 00439nam a2200145Ia 4500
008 211109s9999||||xx |||||||||||||| ||und||
082 _a894.81207
_bPAV-K
100 _aPavanan,
245 0 _aKeralam Engane Jeevikunnu
260 _bNATIONAL BOOKSTALL
_aKottayam
_c1967
300 _a182p.
630 _xGeneral Stack
650 _aMalayalam Literature
_vLiterary TheoryLiterary ResearchMalayalam Literary Study
_xGeneralia
942 _cBOOK
999 _c30200
_d30200